[Event "Hessen-ch A"]
[Site "Frankfurt/Main"]
[Date "2019.06.02"]
[Round "7"]
[White "Sabol, Goran"]
[Black "Alkayas, Shadi"]
[Result "0-1"]
[WhiteElo "1867"]
[BlackElo "1760"]
[PlyCount "110"]
[EventDate "2019.05.30"]
[EventType "swiss"]
[EventRounds "7"]
[EventCountry "GER"]

1. d4 d5 2. c4 e6 3. Nc3 Nf6 4. cxd5 exd5 5. Bf4 c6 6. Qc2 Bb4 7. a3 Ba5 8. Nf3
O-O 9. e3 h6 10. Bd3 Qe7 11. b4 Bd8 12. O-O Nh5 13. Nxd5 cxd5 14. Qxc8 Nxf4 15.
exf4 Bb6 16. Qf5 g6 17. Qxd5 Rd8 18. Qb3 Qd6 19. Ne5 Qe6 20. Bc4 Qf6 21. Bxf7+
Kg7 22. Bxg6 Rxd4 23. f5 Nc6 24. Nxc6 bxc6 25. Rae1 Rd6 26. Re4 Rad8 27. Rfe1
R8d7 28. g3 Rd2 29. R1e2 R2d5 30. Qf3 Rd3 31. Qg4 Qg5 32. a4 R3d4 33. Qxg5 hxg5
34. a5 Rxe4 35. Rxe4 Bd4 36. Be8 Rd6 37. Bxc6 Bf6 38. Re6 Rd4 39. b5 Bd8 40. a6
Kf7 41. Re5 Bb6 42. Rd5 Rb4 43. Rd2 Kf6 44. Bd7 g4 45. Kg2 Bc5 46. f3 gxf3+ 47.
Kxf3 Rb3+ 48. Kg2 Kg5 49. Rc2 Bb6 50. h4+ Kh5 51. Re2 Bc7 52. g4+ Kxh4 53. f6
Rg3+ 54. Kf1 Bb6 55. Bf5 Rg1# 0-1

[Event "Hessen-ch A"]
[Site "Frankfurt/Main"]
[Date "2019.06.02"]
[Round "7"]
[White "Steudel, Max"]
[Black "Voellinger, Florian"]
[Result "1-0"]
[WhiteElo "1950"]
[BlackElo "1871"]
[PlyCount "87"]
[EventDate "2019.05.30"]
[EventType "swiss"]
[EventRounds "7"]
[EventCountry "GER"]

1. e4 e5 2. Nf3 d5 3. Nxe5 Bd6 4. d4 dxe4 5. Nc4 Nf6 6. Be2 O-O 7. Be3 Nc6 8.
O-O Nd5 9. Nxd6 Qxd6 10. Nc3 Nxe3 11. fxe3 f5 12. a3 Qh6 13. Bc4+ Kh8 14. Qe2
Bd7 15. Nd5 Qd6 16. Nf4 g5 17. Nh5 Be8 18. Rad1 Qh6 19. Ng3 Bg6 20. Be6 Ne7 21.
d5 Qg7 22. Qb5 f4 23. Ne2 Bh5 24. Rde1 Bxe2 25. Qxe2 Rad8 26. c4 c6 27. exf4
cxd5 28. fxg5 Qd4+ 29. Kh1 e3 30. Rxf8+ Rxf8 31. h3 Qe5 32. Bxd5 Rf2 33. Qd3
Nf5 34. Kg1 Qxb2 35. Rb1 Qd4 36. Qxd4+ Nxd4 37. Re1 Ne2+ 38. Kh2 Nf4 39. Rxe3
Nxd5 40. cxd5 Rf5 41. d6 Rd5 42. Re8+ Kg7 43. Re7+ Kg6 44. Rxb7 1-0

[Event "Hessen-ch A"]
[Site "Frankfurt/Main"]
[Date "2019.06.02"]
[Round "7"]
[White "Varma, Christopher"]
[Black "Haack, Kevin"]
[Result "1/2-1/2"]
[WhiteElo "1842"]
[BlackElo "2033"]
[PlyCount "89"]
[EventDate "2019.05.30"]
[EventType "swiss"]
[EventRounds "7"]
[EventCountry "GER"]

1. e4 c5 2. Nc3 Nc6 3. g3 g6 4. Bg2 Bg7 5. d3 d6 6. Be3 e6 7. Qd2 Nge7 8. Bh6
O-O 9. h4 f6 10. Bxg7 Kxg7 11. h5 g5 12. h6+ Kh8 13. f4 gxf4 14. gxf4 Rb8 15.
O-O-O b5 16. Nf3 a5 17. Rdg1 b4 18. Na4 Bd7 19. b3 Nd4 20. Nb2 a4 21. Nxd4 cxd4
22. Qf2 e5 23. Bh3 axb3 24. axb3 f5 25. fxe5 dxe5 26. exf5 Bxf5 27. Qe2 Ng6 28.
Nc4 Qe7 29. Bxf5 Rxf5 30. Rf1 Nf4 31. Qe4 Rbf8 32. Rfg1 Ng6 33. Qe1 Ra8 34. Kb2
Raf8 35. Rf1 Nf4 36. Rfg1 Ng6 37. Rf1 R8f7 38. Rxf5 Rxf5 39. Rf1 Rxf1 40. Qxf1
Kg8 41. Qf5 Qf7 42. Qc8+ Qf8 43. Qe6+ Qf7 44. Qd6 Qf8 45. Qe6+ 1/2-1/2

[Event "Hessen-ch B"]
[Site "Frankfurt/Main"]
[Date "2019.05.30"]
[Round "1"]
[White "Bahlo, Jens"]
[Black "Saluvar, Buelent"]
[Result "1/2-1/2"]
[WhiteElo "1915"]
[BlackElo "1692"]
[PlyCount "79"]
[EventDate "2019.05.30"]
[EventType "swiss"]
[EventRounds "7"]
[EventCountry "GER"]

1. e4 c5 2. d3 Nc6 3. f4 d5 4. Nc3 d4 5. Nce2 Nf6 6. Nf3 Qc7 7. c3 Bg4 8. Ng3
h5 9. Be2 h4 10. Nf5 Bxf3 11. Bxf3 e6 12. e5 Nd7 13. Nd6+ Bxd6 14. exd6 Qxd6
15. O-O O-O-O 16. c4 Ne7 17. b4 Nf5 18. bxc5 Nxc5 19. Re1 Ne3 20. Qd2 Rd7 21.
Ba3 b6 22. Rab1 g5 23. fxg5 Rg8 24. Rb5 Rxg5 25. Reb1 Rc7 26. Qf2 Qe5 27. Qxh4
Qg7 28. R1b2 Nf5 29. Qf4 e5 30. Qd2 Nh4 31. Bd5 Rxg2+ 32. Qxg2 Nxg2 33. Rxg2
Qh7 34. Bxc5 Rxc5 35. Rxc5+ bxc5 36. Be4 Qh8 37. Rf2 Qg7+ 38. Kf1 f6 39. Rg2
Qf8 40. Bd5 1/2-1/2

[Event "Hessen-ch B"]
[Site "Frankfurt/Main"]
[Date "2019.05.30"]
[Round "1"]
[White "Burkart, Lloyd Shang"]
[Black "Hoerhold, Karola"]
[Result "1/2-1/2"]
[WhiteElo "1411"]
[BlackElo "1727"]
[PlyCount "75"]
[EventDate "2019.05.30"]
[EventType "swiss"]
[EventRounds "7"]
[EventCountry "GER"]

1. d4 Nf6 2. c4 c5 3. d5 b5 4. Nd2 bxc4 5. e4 Qa5 6. Qc2 Bb7 7. Bxc4 e6 8. Qb3
Ba6 9. f3 Be7 10. Ne2 exd5 11. exd5 Bxc4 12. Qxc4 O-O 13. O-O d6 14. Kh1 Nbd7
15. b3 Nb6 16. Qd3 Nbxd5 17. Bb2 Nb4 18. Qc3 Qc7 19. a3 Nbd5 20. Qd3 Qb7 21.
Ne4 Nxe4 22. fxe4 Bf6 23. Bxf6 Nxf6 24. Qxd6 Nxe4 25. Qf4 Rae8 26. b4 cxb4 27.
axb4 Nf6 28. Ng3 Ne4 29. Nf5 Nf6 30. Nd6 Qb8 31. Nxe8 Qxf4 32. Rxf4 Rxe8 33.
Kg1 Nd5 34. Rh4 g5 35. Rg4 h6 36. Rxa7 Nf4 37. Ra1 Re4 38. h3 1/2-1/2

[Event "Hessen-ch B"]
[Site "Frankfurt/Main"]
[Date "2019.05.30"]
[Round "1"]
[White "Feicht, Arno"]
[Black "Buchholz, Maja"]
[Result "1-0"]
[WhiteElo "1881"]
[BlackElo "1657"]
[PlyCount "141"]
[EventDate "2019.05.30"]
[EventType "swiss"]
[EventRounds "7"]
[EventCountry "GER"]

{[%evp 0,141,35,28,27,8,52,49,82,39,5,-5,33,-10,66,66,54,45,47,11,29,-2,23,9,
64,42,89,129,152,155,143,154,168,126,235,130,351,288,278,207,292,228,292,228,
256,192,194,182,205,192,281,326,337,174,353,218,286,260,579,406,441,471,471,
471,487,484,467,456,511,325,314,316,316,307,314,302,356,333,384,407,407,403,
468,459,503,506,524,534,621,621,665,665,1349,1413,1426,1545,1738,1557,1569,
1039,1105,1279,1444,2256,2264,2597,2312,29980,1954,1937,2075,29992,29997,29986,
29987,29988,29995,29990,29995,29992,29995,29996,29997,29994,29997,29996,29997,
29994,29997,29996,29997,29996,29997,29996,29997,29996,29997,29996,29997,29996,
29997,29998,29999,-30000]} 1. e4 e6 2. d4 d5 3. Nc3 Nf6 4. Bg5 h6 5. Bxf6 Qxf6
6. exd5 exd5 7. Nxd5 Qe6+ 8. Qe2 Bd6 9. O-O-O O-O 10. Qf3 c6 11. Nc3 Rd8 12.
Kb1 Qg6 13. Bd3 Qg5 14. Ne4 Qa5 15. Nxd6 Rxd6 16. Qe4 Be6 17. a3 Qg5 18. Nf3
Qf6 19. Rhe1 Rd8 20. Qh7+ Kf8 21. Bc4 Nd7 22. Bxe6 fxe6 23. Qe4 Kf7 24. Rd3 Nb6
25. Ne5+ Kg8 26. Ng4 Qg5 27. Rg3 Re8 28. f4 Qh4 29. Qg6 Kh8 30. Nxh6 Qxh6 31.
Rh3 Qxh3 32. gxh3 Nd5 33. f5 Nf6 34. h4 exf5 35. Rxe8+ Rxe8 36. Qxf5 Kg8 37. h5
Rd8 38. c3 Rd5 39. Qc8+ Kh7 40. Qxb7 Rxh5 41. Qxa7 Rxh2 42. Qc7 Rf2 43. a4 Kh6
44. a5 g5 45. a6 g4 46. a7 Rf3 47. a8=Q Kg5 48. Qaxc6 Kh4 49. Qxf3 gxf3 50.
Qf4+ Kh5 51. Qxf6 Kg4 52. d5 Kg3 53. Qg5+ Kf2 54. Kc2 Kf1 55. Kd3 f2 56. Qc1+
Kg2 57. Ke2 Kg3 58. d6 Kg2 59. d7 Kg3 60. d8=Q Kg2 61. c4 Kg3 62. c5 Kg2 63. c6
Kg3 64. c7 Kg2 65. c8=Q Kg3 66. b4 Kh2 67. b5 Kg2 68. b6 Kg3 69. b7 Kg2 70.
b8=Q f1=Q+ 71. Qxf1# 1-0

[Event "Hessen-ch B"]
[Site "Frankfurt/Main"]
[Date "2019.05.30"]
[Round "1"]
[White "Ghaznavi, Massoud"]
[Black "Horny, Guenter"]
[Result "0-1"]
[WhiteElo "1601"]
[BlackElo "1816"]
[PlyCount "116"]
[EventDate "2019.05.30"]
[EventType "swiss"]
[EventRounds "7"]
[EventCountry "GER"]

1. c4 Nf6 2. Nc3 g6 3. d4 d6 4. Nf3 Bg7 5. h3 Nbd7 6. Bf4 c5 7. e3 a6 8. Be2
O-O 9. O-O Re8 10. a3 b6 11. d5 Bb7 12. Rc1 Rc8 13. Nh2 Kh8 14. Bf3 Nf8 15. e4
N6d7 16. Qd2 Ne5 17. Be2 e6 18. Bg5 f6 19. Bh6 exd5 20. Bxg7+ Kxg7 21. cxd5 b5
22. Nd1 Rc7 23. f4 Nf7 24. Nf2 Bc8 25. Bg4 Bxg4 26. Nhxg4 h5 27. Nh2 Rce7 28.
Rce1 Qb6 29. Nf3 a5 30. b3 Nd7 31. Kh2 Rc8 32. g4 hxg4 33. hxg4 Rh8+ 34. Kg3
Ree8 35. g5 fxg5 36. fxg5 Nde5 37. Qf4 Qd8 38. Nh3 Nxf3 39. Rxf3 Rxh3+ 40. Kxh3
Nxg5+ 41. Kg4 Nxf3 42. Qxf3 Rh8 43. Qc3+ Qf6 44. Qxf6+ Kxf6 45. Rf1+ Ke5 46.
Re1 Rf8 47. Kg5 Rf4 48. b4 axb4 49. axb4 cxb4 50. Kxg6 Rxe4 51. Rb1 Kxd5 52.
Kf5 Rd4 53. Rb2 Kc4 54. Ke6 Kc3 55. Rh2 b3 56. Rh5 b4 57. Kd7 b2 58. Rh3+ Rd3
0-1

[Event "Hessen-ch B"]
[Site "Frankfurt/Main"]
[Date "2019.05.30"]
[Round "1"]
[White "Haftmann, Rainer"]
[Black "Azizov, Fariz"]
[Result "1-0"]
[WhiteElo "1727"]
[BlackElo "1416"]
[PlyCount "93"]
[EventDate "2019.05.30"]
[EventType "swiss"]
[EventRounds "7"]
[EventCountry "GER"]

1. e4 e5 2. Nf3 Nc6 3. Bb5 Nf6 4. O-O d6 5. d4 exd4 6. Nxd4 Bd7 7. Nc3 Be7 8.
Bg5 O-O 9. Nxc6 bxc6 10. Bd3 Rb8 11. b3 Re8 12. f4 h6 13. Bxf6 Bxf6 14. Qd2 c5
15. Rae1 Bxc3 16. Qxc3 Bc6 17. e5 Qd7 18. Re3 dxe5 19. fxe5 Qd4 20. Bc4 Bd5 21.
Bxd5 Qxd5 22. Qd3 Qc6 23. Qc4 Re6 24. c3 Rbe8 25. Rfe1 Kh8 26. Qf4 f6 27. exf6
Rxe3 28. fxg7+ Kxg7 29. Rxe3 Rxe3 30. Qxe3 Qd7 31. Qe5+ Kg8 32. h3 Qd1+ 33. Kh2
Qd6 34. Qxd6 cxd6 35. Kg3 Kf7 36. Kf4 Ke6 37. c4 d5 38. cxd5+ Kxd5 39. Ke3 c4
40. b4 a6 41. a4 c3 42. Kd3 c2 43. Kxc2 Kc4 44. b5 axb5 45. a5 Kc5 46. Kb3 b4
47. g4 1-0

[Event "Hessen-ch B"]
[Site "Frankfurt/Main"]
[Date "2019.05.30"]
[Round "1"]
[White "Hambel, Christoph"]
[Black "Elpelt, Frank"]
[Result "1-0"]
[WhiteElo "1783"]
[BlackElo "1572"]
[PlyCount "151"]
[EventDate "2019.05.30"]
[EventType "swiss"]
[EventRounds "7"]
[EventCountry "GER"]

1. c4 e5 2. Nc3 Bb4 3. g3 Nf6 4. Bg2 O-O 5. e4 Nc6 6. Nge2 d6 7. O-O Ne7 8. a3
Bxc3 9. Nxc3 c6 10. d4 exd4 11. Qxd4 Ng6 12. b3 Qe7 13. Bb2 Rd8 14. Rad1 Qe5
15. Qd3 b6 16. Rd2 Bb7 17. Nb5 Qe7 18. Nd4 d5 19. Nf5 Qe6 20. exd5 cxd5 21. Re2
dxc4 22. Rxe6 cxd3 23. Bxb7 fxe6 24. Bxa8 Rxa8 25. Ne3 e5 26. f3 e4 27. Bxf6
gxf6 28. fxe4 Re8 29. Nd5 Kg7 30. Nxf6 Re6 31. Nd5 Rxe4 32. Nc3 Rd4 33. Kf2 Ne5
34. Ke3 Rd7 35. Rf4 Kg6 36. Ne4 h5 37. h3 Re7 38. Rf6+ Kg7 39. Rd6 Rf7 40. Rd5
Rf3+ 41. Kd4 Nc6+ 42. Kc3 d2+ 43. Kc2 Re3 44. Rd7+ Kg6 45. Nxd2 Kf5 46. Rd3 Re2
47. Rf3+ Ke5 48. Kd3 Rh2 49. h4 Rg2 50. Nc4+ Ke6 51. Ke4 b5 52. Ne3 Rb2 53. Nd5
Re2+ 54. Re3 Rd2 55. Nf4+ Kd6 56. Rd3+ Rxd3 57. Kxd3 Ke5 58. Nxh5 Kf5 59. Nf4
a6 60. Ne2 Na5 61. Kc3 Ke5 62. Kb4 Nc6+ 63. Kc5 Na5 64. Kb6 Nxb3 65. Kxa6 Nc5+
66. Kxb5 Ne4 67. a4 Kd6 68. Kb6 Nc5 69. a5 Nd7+ 70. Kb5 Kc7 71. h5 Nf6 72. h6
Kb7 73. g4 Nh7 74. Nd4 Ka7 75. Ne6 Kb7 76. g5 1-0

[Event "Hessen-ch B"]
[Site "Frankfurt/Main"]
[Date "2019.05.30"]
[Round "1"]
[White "Horatschek, Martin jr."]
[Black "Pabel, Ralph"]
[Result "1-0"]
[WhiteElo "1689"]
[BlackElo "1903"]
[PlyCount "103"]
[EventDate "2019.05.30"]
[EventType "swiss"]
[EventRounds "7"]
[EventCountry "GER"]

1. e4 c6 2. d4 d5 3. Nd2 dxe4 4. Nxe4 Nd7 5. Bc4 e6 6. Qe2 Ngf6 7. Ng5 Nb6 8.
N1f3 Nxc4 9. Qxc4 Bd6 10. Bd2 h6 11. Nh3 Qc7 12. O-O-O g5 13. Ne5 b5 14. Qe2
Bb7 15. f4 gxf4 16. Nxf4 O-O-O 17. Rhf1 Rdf8 18. Ned3 Nd7 19. Rf2 c5 20. dxc5
Nxc5 21. Rdf1 Ne4 22. Bb4 Nxf2 23. Qxf2 Bxb4 24. Nxb4 Qd6 25. a3 a5 26. Rd1 Qc7
27. Na2 Rd8 28. Nd3 Rhg8 29. g3 Rg5 30. Nc3 Ba6 31. Kb1 Rf5 32. Qe3 h5 33. Re1
Kb8 34. Ne4 b4 35. Nec5 Bxd3 36. Nxd3 bxa3 37. Ne5 Rd5 38. Qb3+ Kc8 39. Nc4
axb2 40. Nb6+ Kd8 41. Nxd5 Rxd5 42. Qa3 Ke8 43. Re3 Qc4 44. Rc3 Qf1+ 45. Kxb2
Rb5+ 46. Rb3 Qc4 47. h3 Rc5 48. Rb8+ Kd7 49. Qd3+ Qxd3 50. cxd3 Kd6 51. Rd8+
Ke5 52. d4+ 1-0

[Event "Hessen-ch B"]
[Site "Frankfurt/Main"]
[Date "2019.05.30"]
[Round "1"]
[White "Krist, Stephan"]
[Black "Meyer, Marcel"]
[Result "0-1"]
[WhiteElo "1618"]
[BlackElo "1820"]
[PlyCount "58"]
[EventDate "2019.05.30"]
[EventType "swiss"]
[EventRounds "7"]
[EventCountry "GER"]

{[%evp 0,58,24,32,63,54,74,18,41,25,32,60,67,56,56,24,29,19,33,1,42,3,8,10,43,
8,18,13,22,8,31,6,29,5,34,-13,-11,-18,-55,-68,-31,-72,-65,-70,-74,-77,-74,-74,
-70,-75,-53,-62,-58,-154,-154,-154,-189,-189,-175,-469,-477]} 1. e4 c6 2. d4 d5
3. Nc3 dxe4 4. Nxe4 Bf5 5. Ng3 Bg6 6. Nf3 e6 7. Be2 Nd7 8. O-O Bd6 9. c4 h6 10.
b3 Ngf6 11. Bb2 O-O 12. Bd3 Bxd3 13. Qxd3 Qa5 14. a3 b5 15. Nd2 Rfd8 16. Nde4
Be7 17. Nc3 Rab8 18. b4 bxc4 19. Qxc4 Qb6 20. Bc1 Nd5 21. Nce4 N7f6 22. Nc5 a5
23. Bd2 axb4 24. axb4 Qb5 25. Qxb5 Rxb5 26. Ra6 Nxb4 27. Bxb4 Rxb4 28. Rxc6
Rdxd4 29. f3 Rdc4 0-1

[Event "Hessen-ch B"]
[Site "Frankfurt/Main"]
[Date "2019.05.30"]
[Round "1"]
[White "Lange, Martin"]
[Black "von Beckh, Frieda"]
[Result "1-0"]
[WhiteElo "1763"]
[BlackElo "1465"]
[PlyCount "97"]
[EventDate "2019.05.30"]
[EventType "swiss"]
[EventRounds "7"]
[EventCountry "GER"]

{[%evp 0,84,35,29,58,32,32,32,32,32,99,81,81,87,94,64,65,28,100,62,106,44,57,1,
58,9,79,120,188,222,222,222,309,196,267,267,331,365,410,407,368,326,368,385,
385,359,359,80,80,80,80,82,87,81,104,88,74,84,76,76,83,42,19,13,74,74,96,78,
117,130,123,116,159,110,156,156,363,329,331,401,466,356,483,356,637,701,701]} 
1. e4 c5 2. Nf3 Nc6 3. d4 cxd4 4. Nxd4 g6 5. Nc3 Bg7 6. Be3 Nf6 7. f3 O-O 8.
Qd2 Re8 9. O-O-O e6 10. g4 d5 11. exd5 exd5 12. Bb5 Nxd4 13. Bxd4 Re6 14. g5
Nh5 15. Bxg7 Nxg7 16. Qxd5 Qe7 17. Qd8+ Qf8 18. Qxf8+ Kxf8 19. Rd8+ Ke7 20. Rg8
Nf5 21. Nd5+ Kd6 22. Rd8+ Kc5 23. b4+ Kxb5 24. Nc7+ Kxb4 25. Nxa8 Rc6 26. Re1
Kb5 27. Kb2 Ka6 28. Rd3 b6 29. Rc3 Rxc3 30. Kxc3 Kb7 31. Re8 Nd6 32. Rd8 Kc6
33. a4 b5 34. axb5+ Nxb5+ 35. Kb4 Nd6 36. Rh8 Kb7 37. Kc5 Kxa8 38. Kxd6 Kb7 39.
c4 a5 40. Rxh7 Be6 41. Rh4 a4 42. c5 a3 43. Rb4+ Kc8 44. c6 a2 45. Ra4 Kb8 46.
Kc5 Kc7 47. Ra7+ Kb8 48. Kb6 Bc8 49. c7# 1-0

[Event "Hessen-ch B"]
[Site "Frankfurt/Main"]
[Date "2019.05.30"]
[Round "1"]
[White "Mongi, Mario"]
[Black "Siegismund, Florian"]
[Result "0-1"]
[WhiteElo "1547"]
[BlackElo "1777"]
[PlyCount "44"]
[EventDate "2019.05.30"]
[EventType "swiss"]
[EventRounds "7"]
[EventCountry "GER"]

1. c4 c5 2. g3 g6 3. Bg2 Bg7 4. Nc3 Nc6 5. e3 Nh6 6. Nge2 Nf5 7. O-O O-O 8. a3
b6 9. b4 Bb7 10. Rb1 d6 11. d3 Qd7 12. b5 Ne5 13. e4 Nd4 14. Nxd4 cxd4 15. Ne2
f5 16. Qb3 Kh8 17. Nxd4 fxe4 18. Bxe4 Bxe4 19. dxe4 Qh3 20. f4 Ng4 21. Nf3 Bd4+
22. Be3 Bxe3+ 0-1

[Event "Hessen-ch B"]
[Site "Frankfurt/Main"]
[Date "2019.05.30"]
[Round "1"]
[White "Osterloh, Felix"]
[Black "Kabakci, Cem"]
[Result "1/2-1/2"]
[WhiteElo "1833"]
[BlackElo "1632"]
[PlyCount "113"]
[EventDate "2019.05.30"]
[EventType "swiss"]
[EventRounds "7"]
[EventCountry "GER"]

1. Nf3 d5 2. d4 Nf6 3. Bf4 c5 4. e3 e6 5. Nbd2 Nc6 6. c3 c4 7. Qc2 a6 8. e4 b5
9. e5 Nd7 10. Be2 Be7 11. h3 Bb7 12. O-O a5 13. Nh2 O-O 14. Bg4 Re8 15. Bg3 Bh4
16. Bxh4 Qxh4 17. g3 Qh6 18. f4 f5 19. exf6 Nxf6 20. Kg2 b4 21. Bf3 a4 22. a3
b3 23. Qb1 Nd7 24. Ng4 Qg6 25. Qxg6 hxg6 26. h4 Nf6 27. Rfe1 Rad8 28. Re2 Bc8
29. Nxf6+ gxf6 30. Rae1 Kf7 31. Bg4 Re7 32. Nf3 Rde8 33. h5 Rd8 34. Nh4 gxh5
35. Bxh5+ Kg8 36. Bg4 Rd6 37. Nf3 Kf8 38. Rh1 Rg7 39. Rh8+ Rg8 40. Rxg8+ Kxg8
41. Nh4 Bd7 42. Bh5 Ne7 43. Ng6 Nxg6 44. Bxg6 Kg7 45. Bh5 f5 46. Re1 Bc6 47.
Rh1 Rd8 48. Bf3 Rh8 49. Rxh8 Kxh8 50. Bh5 Kg7 51. Kh3 Kf6 52. Kh4 Bd7 53. g4
fxg4 54. Bxg4 Kg6 55. Bh3 Bc8 56. Kg3 Bd7 57. Bg4 1/2-1/2

[Event "Hessen-ch B"]
[Site "Frankfurt/Main"]
[Date "2019.05.30"]
[Round "1"]
[White "Ruhl, Marcel"]
[Black "Schellen, Sven"]
[Result "0-1"]
[WhiteElo "1651"]
[BlackElo "1853"]
[PlyCount "58"]
[EventDate "2019.05.30"]
[EventType "swiss"]
[EventRounds "7"]
[EventCountry "GER"]

1. c4 c5 2. e3 Nf6 3. Nc3 d5 4. d4 e6 5. Nf3 Nc6 6. Be2 a6 7. O-O dxc4 8. Bxc4
b5 9. Be2 Bb7 10. b3 Be7 11. Bb2 cxd4 12. Nxd4 Nxd4 13. exd4 Qb6 14. Bf3 Bxf3
15. Qxf3 Rd8 16. Rfd1 Nd5 17. Ne4 O-O 18. Rac1 Rc8 19. Qg3 b4 20. Nc5 Bd6 21.
Qg4 Nf6 22. Qg5 h6 23. Qe3 Bxh2+ 24. Kh1 Qd6 25. Rc4 Qd5 26. f3 Bg3 27. Kg1 Qh5
28. Rd2 Nd5 29. Qe4 Nf4 0-1

[Event "Hessen-ch B"]
[Site "Frankfurt/Main"]
[Date "2019.05.30"]
[Round "1"]
[White "Sakhra, Roman"]
[Black "Hynar, Alexandra"]
[Result "1-0"]
[WhiteElo "1516"]
[BlackElo "1765"]
[PlyCount "57"]
[EventDate "2019.05.30"]
[EventType "swiss"]
[EventRounds "7"]
[EventCountry "GER"]

1. d4 d5 2. Nf3 Nf6 3. Bf4 e6 4. e3 Nbd7 5. Bd3 c5 6. c3 cxd4 7. cxd4 Nh5 8.
Bg3 Nxg3 9. hxg3 f5 10. Nc3 a6 11. a4 Bb4 12. O-O O-O 13. Qb3 Bd6 14. Nxd5 Kh8
15. Nf4 Bxf4 16. gxf4 Nf6 17. Ng5 Nd5 18. Rfc1 h6 19. Nf3 b6 20. Ne5 g5 21.
Ng6+ Kh7 22. Nxf8+ Qxf8 23. fxg5 hxg5 24. e4 Nf4 25. Rc7+ Kh8 26. exf5 exf5 27.
Re1 Nxd3 28. Qxd3 f4 29. Qh7# 1-0

[Event "Hessen-ch B"]
[Site "Frankfurt/Main"]
[Date "2019.05.30"]
[Round "1"]
[White "Schimmer, Michael"]
[Black "Catalano, Enzo"]
[Result "1-0"]
[WhiteElo "1805"]
[BlackElo "1596"]
[PlyCount "41"]
[EventDate "2019.05.30"]
[EventType "swiss"]
[EventRounds "7"]
[EventCountry "GER"]

{[%evp 0,41,35,28,56,54,56,48,48,32,103,13,84,79,134,100,137,131,131,120,134,
62,72,64,83,-71,50,50,67,75,87,41,89,38,86,28,157,-74,248,335,362,362,29999,
-30000]} 1. e4 c5 2. Nf3 Nc6 3. d4 cxd4 4. Nxd4 g6 5. c4 Nxd4 6. Qxd4 Nf6 7. e5
Ng8 8. Nc3 Bg7 9. Bf4 Nh6 10. O-O-O O-O 11. Be2 d6 12. Qe3 Nf5 13. Qe4 Qa5 14.
Rd5 Qb6 15. g4 dxe5 16. Bxe5 Bh6+ 17. Kb1 Be6 18. Qf3 Nd6 19. c5 Bxd5 20. Nxd5
Qxc5 21. Nxe7# 1-0

[Event "Hessen-ch B"]
[Site "Frankfurt/Main"]
[Date "2019.05.30"]
[Round "1"]
[White "Schmitt, Clemens"]
[Black "Goodwin, David"]
[Result "1-0"]
[WhiteElo "1767"]
[BlackElo "1546"]
[PlyCount "39"]
[EventDate "2019.05.30"]
[EventType "swiss"]
[EventRounds "7"]
[EventCountry "GER"]

1. c4 Nf6 2. g3 g6 3. Bg2 Bg7 4. Nc3 a6 5. e4 d6 6. Nge2 e5 7. O-O Be6 8. d3
Nc6 9. Nd5 Ne7 10. Bg5 Nfg8 11. Qb3 f6 12. Be3 Nxd5 13. cxd5 Bd7 14. d4 b5 15.
f4 Nh6 16. dxe5 dxe5 17. fxe5 fxe5 18. d6 Rf8 19. Rxf8+ Kxf8 20. Rf1+ 1-0

[Event "Hessen-ch B"]
[Site "Frankfurt/Main"]
[Date "2019.05.30"]
[Round "1"]
[White "Scholz, Michael"]
[Black "John, Volkmar"]
[Result "1/2-1/2"]
[WhiteElo "1855"]
[BlackElo "1654"]
[PlyCount "86"]
[EventDate "2019.05.30"]
[EventType "swiss"]
[EventRounds "7"]
[EventCountry "GER"]

{[%evp 0,86,32,19,17,25,30,-13,26,24,48,28,68,42,44,47,50,-26,29,-3,-12,-18,11,
-12,-12,-32,-38,-64,-42,-57,-49,-95,-110,-110,-88,-125,-134,-149,-144,-131,
-159,-195,-195,-163,-159,-196,-196,-221,-155,-310,-240,-245,-278,-300,-325,
-356,-260,-338,-338,-361,-237,-243,-298,-316,-225,-252,-231,-239,-220,-220,
-220,-348,-157,-231,-231,-231,0,0,0,-289,-289,-352,-254,-295,-268,-296,-136,
-285,-251]} 1. Nf3 Nf6 2. d4 d5 3. Bg5 e6 4. e3 Be7 5. Nbd2 c5 6. dxc5 Bxc5 7.
Nb3 Be7 8. h3 Nc6 9. c3 O-O 10. Bb5 a6 11. Bxc6 bxc6 12. Ne5 Qc7 13. f4 Bb7 14.
Bxf6 Bxf6 15. Ng4 Bh4+ 16. Kd2 c5 17. g3 Bxg3 18. Rg1 Bh4 19. Nh6+ Kh8 20. Qh5
Bf6 21. Ng4 g6 22. Qh6 Bg7 23. Qh4 f5 24. Nf2 Rad8 25. Rxg6 d4 26. exd4 cxd4
27. c4 Qxc4 28. Nd3 Be4 29. Nbc5 Bxd3 30. Nxd3 Rc8 31. Rc1 Qxa2 32. Rxg7 Kxg7
33. Qe7+ Kh8 34. Rc5 Rce8 35. Qc7 Qa4 36. Qe5+ Kg8 37. Rc1 Rf7 38. Rg1+ Kf8 39.
Qh8+ Ke7 40. Qe5 Qd7 41. Qa5 Qb5 42. Qc7+ Qd7 43. Qa5 Qb5 1/2-1/2

[Event "Hessen-ch B"]
[Site "Frankfurt/Main"]
[Date "2019.05.30"]
[Round "1"]
[White "Shehab, Tarek"]
[Black "Bjoerknes, Uwe"]
[Result "0-1"]
[WhiteElo "1585"]
[BlackElo "1796"]
[PlyCount "80"]
[EventDate "2019.05.30"]
[EventType "swiss"]
[EventRounds "7"]
[EventCountry "GER"]

1. e4 e6 2. d4 c5 3. Nf3 cxd4 4. c3 d5 5. exd5 exd5 6. Nxd4 Nf6 7. Bb5+ Bd7 8.
Bxd7+ Qxd7 9. O-O Be7 10. Be3 O-O 11. Nd2 Nc6 12. N2b3 Rac8 13. Qf3 Rfe8 14.
Rad1 Ne4 15. Nf5 Bf6 16. Bd4 Ne5 17. Bxe5 Bxe5 18. Ng3 Qa4 19. Nc1 Qb5 20. Nxe4
dxe4 21. Qe2 Qb6 22. Rd7 Bb8 23. Rfd1 e3 24. Qf3 exf2+ 25. Qxf2 Bxh2+ 26. Kf1
Qb5+ 27. R1d3 f6 28. Qh4 Qe5 29. Rxb7 Rcd8 30. Rxd8 Rxd8 31. Qg4 f5 32. Qc4+
Kh8 33. Rd7 Re8 34. Ne2 Bg3 35. Qd3 Bh4 36. Qd2 h6 37. Rd4 Qh2 38. g3 Bg5 39.
Qd3 Be3 40. Rf4 Qh1+ 0-1

[Event "Hessen-ch B"]
[Site "Frankfurt/Main"]
[Date "2019.05.30"]
[Round "1"]
[White "Tiggemann, Felix"]
[Black "Muenstermann, Matthias"]
[Result "0-1"]
[WhiteElo "1574"]
[BlackElo "1783"]
[PlyCount "52"]
[EventDate "2019.05.30"]
[EventType "swiss"]
[EventRounds "7"]
[EventCountry "GER"]

{[%evp 0,52,22,23,100,58,47,44,44,17,57,-56,-10,-5,5,-19,-19,-56,-26,-50,13,-1,
37,-13,30,23,18,-6,-6,-13,8,-20,-8,-113,-77,-68,-17,-163,-99,-110,31,-26,-79,
-383,-541,-768,-1019,-1019,-1788,-1788,-1849,-1849,-2020,-29999,-30000]} 1. e4
c5 2. d4 cxd4 3. Qxd4 Nc6 4. Qd1 d6 5. c4 Nf6 6. Nc3 g6 7. Be2 Bg7 8. Be3 O-O
9. Nf3 a6 10. Nd4 e6 11. Qd2 d5 12. cxd5 exd5 13. exd5 Nxd5 14. Nxd5 Nxd4 15.
Bc4 Nf5 16. Bb6 Qe8+ 17. Be2 Qe4 18. Nc7 Bh6 19. Qc3 Nh4 20. f3 Nxg2+ 21. Kf2
Qh4+ 22. Kxg2 Bh3+ 23. Kg1 Qg5+ 24. Kf2 Qg2+ 25. Ke1 Qxh1+ 26. Bf1 Qxf1# 0-1

[Event "Hessen-ch B"]
[Site "Frankfurt/Main"]
[Date "2019.05.30"]
[Round "1"]
[White "Warter, Simon"]
[Black "Robinson, Jack"]
[Result "0-1"]
[WhiteElo "1439"]
[BlackElo "1749"]
[PlyCount "84"]
[EventDate "2019.05.30"]
[EventType "swiss"]
[EventRounds "7"]
[EventCountry "GER"]

1. e4 c5 2. Nf3 d6 3. Bb5+ Nd7 4. d4 cxd4 5. Nxd4 a6 6. Bc4 Ngf6 7. Nd2 e6 8.
Bd3 Nc5 9. b3 Qa5 10. O-O Be7 11. Bb2 O-O 12. a3 Nxd3 13. cxd3 e5 14. Nc4 Qd8
15. Ne2 b5 16. Nd2 Be6 17. f4 Qb6+ 18. d4 Bg4 19. Kh1 exf4 20. Rxf4 h5 21. h3
Bxe2 22. Qxe2 Rac8 23. Qd3 Rc7 24. Rff1 Rfc8 25. Rac1 h4 26. Rxc7 Rxc7 27. d5
Nh5 28. Kh2 Bg5 29. Rf3 Qc5 30. Qc3 Bf4+ 31. Rxf4 Qxc3 32. Bxc3 Nxf4 33. Bb4
Rc2 34. Bxd6 Nd3 35. Nf3 Nc5 36. e5 Ne4 37. Nd4 Rd2 38. Nc6 f6 39. Bb4 Rd1 40.
e6 Ng3 41. Ne7+ Kh8 42. d6 Rh1# 0-1